| 000 | 00683nam a2200181Ia 4500 | ||
|---|---|---|---|
| 008 | 151202s9999||||xx |||||||||||||| ||und|| | ||
| 082 | _bPNVM-39029 | ||
| 100 | _aटिळेकर चंद्रसेन. | ||
| 245 | _aगणकयंत्राचे अंतरंग. | ||
| 260 | _b"मेहता पब्लिशींग हाऊस, पुणे." | ||
| 260 | _c1990 | ||
| 300 | _a91 | ||
| 600 | _aटिळेकर चंद्रसेन. | ||
| 630 | _aगणकयंत्राचे अंतरंग. | ||
| 700 | _aटिळेकर चंद्रसेन. | ||
| 730 | _aगणकयंत्राचे अंतरंग. | ||
| 942 | _cBOOK | ||
| 999 |
_c1304981 _d1304978 |
||